Africa en América Latina
Αποθηκεύτηκε σε:
| Κύριος συγγραφέας: | |
|---|---|
| Μορφή: | Βιβλίο |
| Γλώσσα: | Ισπανικά |
| Έκδοση: |
Ciudad de México
Siglo XXI
1977
Ciudad de México UNESCO 1977 |
| Σειρά: | El mundo en América Latina
|
| Θέματα: | |
| Ετικέτες: |
Προσθήκη ετικέτας
Δεν υπάρχουν, Καταχωρήστε ετικέτα πρώτοι!
|
MARC
| LEADER | 00000nam a2200000 a 4500 | ||
|---|---|---|---|
| 001 | UCP1865 | ||
| 003 | CL-VaPUC | ||
| 008 | 990426e19770000mx |||||||||||||||||spa|d | ||
| 082 | 0 | 4 | |a 980 |b MOR |2 21 |
| 100 | |a Moreno Fraginals, Manuel |e autor |9 428208 | ||
| 245 | 1 | 0 | |a Africa en América Latina |
| 300 | |a 436 p | ||
| 942 | |c BK | ||
| 945 | |d 19990426 00:00:00 |a lriquelm | ||
| 260 | |a Ciudad de México |b Siglo XXI |c 1977 | ||
| 260 | |a Ciudad de México |b UNESCO |c 1977 | ||
| 650 | 0 | |a Civilización |9 255823 | |
| 650 | 7 | |a INFLUENCIAS AFRICANAS |2 CL-VaPUC |9 306649 | |
| 650 | 0 | |a Literatura |9 259151 | |
| 650 | 0 | |a Artes |9 268202 | |
| 650 | 0 | |a Música |9 306269 | |
| 650 | 0 | |a Religión |9 255164 | |
| 650 | 0 | |a Artes plásticas |9 268637 | |
| 650 | 0 | |a Esclavitud |9 323605 | |
| 650 | 0 | |a Colonización |9 265172 | |
| 651 | 0 | |a América Latina |9 255027 | |
| 583 | |a last modification |c 20171213 01:51:28 |k Rodrigo Vera | ||
| 490 | 0 | |a El mundo en América Latina | |
| 999 | |c 280496 |d 280494 | ||
| 952 | |0 0 |1 0 |4 0 |6 980_000000000000000_MOR_1977_1977 |7 0 |8 A |9 320824 |a BIBHIS |b BIBHIS |d 2019-11-20 |i 1338714 |o 980 MOR 1977 1977 |p 1338714 |r 2025-01-20 |w 2019-11-20 |y BK |k HIS | ||